| 000 | 00511nam a2200169 a 4500 | ||
|---|---|---|---|
| 005 | 20140412111304.0 | ||
| 008 | 001110s19uu xx 00 eng d | ||
| 020 | _a962-00-1104-X | ||
| 050 |
_aTR(GS 420.7 _bGo63 1985 |
||
| 245 |
_aGogo's adventures with English, bk.1 : _bacivity book. |
||
| 260 |
_aHong Kong : _bLongman Asia Multimedia, _c1995. |
||
| 300 | _a35 p.; col. ; ill. | ||
| 440 | _aGogo's Adventures | ||
| 500 | _aw/ VHS tape | ||
| 650 |
_aEnglish language _xStudy and teaching |
||
| 999 |
_c103603 _d103603 |
||